000 00850nam a2200241 i 4500
001 76466
003 ES-MaACL
005 20250908215439.0
007 t|
008 041001s1965 sp ||||1| spa d
080 _a821.134.2-14
245 0 4 _aLos días iluminados
_b: Semana Santa en Andalucía /
_ctextos y selección de poemas, Alfonso Grosso ; fotografías, Francisco Ontañón ; [Rafael Alberti ... et al.].
260 _a[Barcelona] :
_bLumen,
_c1965.
300 _a32 p., 16 lám. ;
_c23 cm.
490 1 _aPalabra e imagen
650 4 _aSemana Santa-
_vPoesías.
_9171171
700 1 _aGrosso, Alfonso,
_d1928-1995
_960189
700 0 _aOntañón, Francisco,
_d1930-2008
_987097
700 1 _aAlberti, Rafael,
_d1902-1999
_9240174
830 1 _aPalabra e imagen
_9183520
852 _aES-MaACL
_jE-684
999 _c76466
_d76466